000 00196nam a2200097Ia 4500
008 240331s9999 xx 000 0 und d
082 _bSIT
100 _aSitharthan, M
245 0 _aKattu
942 _cL
999 _c3812
_d3812